000 00552nam a22002057a 4500
003 URS
005 20251022142516.0
008 251001b ||||| |||| 00| 0 eng d
040 _cURS
050 _aG1021
_b.Y84 1982
245 _aYoung students world atlas
264 _aMiddletown, Connecticut
_bWeekly Reader Books
_c©1982
300 _a96 pages.,:
_c29 cm.
336 _2rdacontent
_atext
337 _2rdamedia
_aunmediated
338 _2rdacarrier
_avolume
650 0 _aAtlases.
650 0 _aHistorical geogrpahy
_xMaps
942 _2lcc
_cREF
999 _c88058
_d88055